|
|
|
|
| LEADER |
00000nam0a2200000 4500 |
| 001 |
373968 |
| 005 |
20231102012619.0 |
| 035 |
|
|
|a (RuTPU)RU\TPU\retro\31401
|
| 035 |
|
|
|a RU\TPU\book\307198
|
| 090 |
|
|
|a 373968
|
| 100 |
|
|
|a 20221216d1921 m y0rusy50 ca
|
| 101 |
0 |
|
|a rus
|
| 102 |
|
|
|a US
|
| 105 |
|
|
|a a z 001zy
|
| 200 |
1 |
|
|a Торф
|a Происхождение торфа. Добывание и обработка торфа. Свойства торфа и его применения в обыденной жизни, промышленности и сельском хозяйстве
|f Д. Сланский
|
| 210 |
|
|
|a New York
|c Издание "Association Press"
|d 1921
|
| 215 |
|
|
|a 211 с.
|c с рисунками
|
| 225 |
1 |
|
|a Жизнь и книга
|h № 54
|
| 316 |
|
|
|5 63413507: М-132543
|a На титульном листе и обложке владельческая подпись: "Бутаков"
|
| 317 |
|
|
|5 63413507: М-132543
|a Поступила в НТБ в 1970 г. в составе книжного собрания профессора ТПИ И. Н. Бутакова
|
| 320 |
|
|
|a Перечень книг о торфе и торфяниках: с. 209-210
|
| 606 |
1 |
|
|a Торфяные месторождения
|2 stltpush
|3 (RuTPU)RU\TPU\subj\61097
|9 78305
|
| 610 |
1 |
|
|a происхождение
|
| 610 |
1 |
|
|a добыча
|
| 610 |
1 |
|
|a обработка
|
| 610 |
1 |
|
|a свойства
|
| 610 |
1 |
|
|a применение
|
| 610 |
1 |
|
|a владельческая надпись
|
| 610 |
1 |
|
|a библиотека И. Н. Бутакова
|
| 675 |
|
|
|a 553.97
|v 3
|
| 700 |
|
1 |
|a Сланский
|b Д.
|
| 801 |
|
1 |
|a RU
|b 63413507
|c 20150204
|
| 801 |
|
2 |
|a RU
|b 63413507
|c 20221216
|g RCR
|
| 942 |
|
|
|c BK
|